Movimientos sociais, ciudadania e democracia /

Guardat en:
Dades bibliogràfiques
Autor principal: Kunrath Silva, Marcelo
Format: Text
Etiquetes: Afegir etiqueta
Sense etiquetes, Sigues el primer a etiquetar aquest registre!

MARC

LEADER 00000 a a2200000 04500
001 2372
003
040
100 |a Kunrath Silva, Marcelo  
245 |a Movimientos sociais, ciudadania e democracia /  |c Marcelo Kunrath Silva  
773 |g número 10; páginas 107-135  
999 |c 21458  |d 21458